| 000 | 00938nam a22003017a 4500 | ||
|---|---|---|---|
| 003 | CHAP | ||
| 005 | 20220329143444.0 | ||
| 008 | 091019s1900 us a r 00010 eng d | ||
| 010 | _a96903 | ||
| 011 | _a97875 | ||
| 035 | _a108547 | ||
| 040 | _cCHAP | ||
| 082 | 0 | 4 |
_a580 _bC83 |
| 100 | 1 |
_aCoulter John M. _928620 |
|
| 245 | 1 | 0 |
_aPlant relations : _ba first book of botany _c/por John M. Coulter |
| 260 |
_aNew York : _bAppleton and Company, _c1900 |
||
| 300 |
_a264 p. : _bilus. |
||
| 590 |
_aBATCH-UPD _b10 _c20130110 _lUCH01 _h1047 |
||
| 590 |
_aBATCH-UPD _b10 _c20130410 _lUCH01 _h0645 |
||
| 590 |
_aBATCH-UPD _b10 _c20130914 _lUCH01 _h1054 |
||
| 590 |
_aCONVERSION _b10 _c20130109 _lUCH01 _h1354 |
||
| 650 | 1 | 4 |
_aPlantas e insectos. _988939 |
| 650 | 1 | 4 |
_aPlantas herbáceas. _988998 |
| 650 | 1 | 4 |
_aPlantas _xNutrición. _988874 |
| 901 | _aBK | ||
| 942 | _cLIBRO | ||
| 949 |
_a580 C83 _bBC _cBPP _d33724002115371 _eBPP _gI.c/e _h111121 _i108547 _st |
||
| 999 |
_c96903 _d96903 |
||